| 000 | 00420nam a22001697a 4500 | ||
|---|---|---|---|
| 005 | 20160614150931.0 | ||
| 008 | 160614b xxu||||| |||| 00| 0 eng d | ||
| 020 | _a978-81-265-1375-7 | ||
| 041 | _aeng | ||
| 082 | _b7508 | ||
| 100 |
_aBuffa, Elwood S. & Sain, Rakesh K _91908 |
||
| 245 | _aModern Production Operations Management | ||
| 260 | _bWily India | ||
| 300 | _a805 | ||
| 650 |
_aManagement _9241 |
||
| 942 | _cBK | ||
| 999 |
_c2685 _d2684 |
||